00313nam a2200121Ia 4500008004000000020001800040082001800058100002100076245002700097260003000124300001000154650002700164210210b1991 xxu||||| |||| 00| 0 eng d a81 7167 053 9 a792.0954 GARF aGARGI (Balwant). aFolk theater of India. aDelhi.bRupa & Co.,c1991 ax,217 aFolk Theater, Indian